Portugués para principiantes

Gorde:
Xehetasun bibliografikoak
Egile nagusia: Oliveira, Nélson Custódio De
Formatua: Liburua
Hizkuntza:Undetermined
Argitaratua: Río de Janeiro, Brasil Editora Record 1977
Edizioa:11
Gaiak:
Etiketak: Etiketa erantsi
Etiketarik gabe, Izan zaitez lehena erregistro honi etiketa jartzen!

MARC

LEADER 00000nam a2200000Ia 4500
008 170316s9999 xx 000 0 und d
090 |a 415-P O-1p 
100 |a Oliveira, Nélson Custódio De 
245 |a Portugués para principiantes 
250 |a 11 
260 |a Río de Janeiro, Brasil 
260 |b Editora Record 
260 |c 1977 
300 |a 192 páginas 
650 |a GRAMÁTICA PORTUGUESA 
999 |c 19680  |d 19680 
040 |a cru BVZT 
942 |c 15 D  |h 415-P O-1p  |2 z